000 00953nam a2200277 a 4500
001 BRL_1014
005 20190320211009.0
008 311013s1975----mx-a######---#000-0#spa-#
041 _aspa
044 _amx
050 4 _aHN113
_b.A75 1975
100 1 _aArizpe S., Lourdes
_925575
245 1 0 _aIndígenas en la ciudad de México
_bel caso de las ´Marias´
_cLourdes Arizpe S.
260 _aMéxico
_bSecretaría de Educación Pública
_c1975
300 _a157 p.
_bil.
_c17 cm.
440 0 _aSepsetentas
_v182
_922717
500 _aAu1115
504 _aBiografía: p. 155-156
650 1 4 _aIndígenas de México
_xResidencia urbana
_925576
650 1 4 _aVendedores ambulantes
_zCiudad de México (México)
_925577
650 1 4 _aMigración rural-urbana
_zCiudad de México (México)
_925578
650 1 4 _aMujeres
_xCondiciones sociales
_91026
651 4 _aCiudad de México (México)
_xCondiciones sociales
_925579
902 _aGRL
942 _2lcc
_cB
999 _c9826
_d9826